Istilah percukaian English-bahasa Malaysia, bahasa Malaysia-English : (Record no. 131)
[ view plain ]
| 000 -LEADER | |
|---|---|
| fixed length control field | nam a22 a 4500 |
| 003 - CONTROL NUMBER IDENTIFIER | |
| control field | AKMAL |
| 005 - DATE AND TIME OF LATEST TRANSACTION | |
| control field | 20170420111930.0 |
| 008 - FIXED-LENGTH DATA ELEMENTS--GENERAL INFORMATION | |
| fixed length control field | 170420s2004 my e 000 0 may d |
| 020 ## - INTERNATIONAL STANDARD BOOK NUMBER | |
| International Standard Book Number | 9832631319 (kkt.) : |
| 040 ## - CATALOGING SOURCE | |
| Original cataloging agency | AKMAL |
| 082 04 - DEWEY DECIMAL CLASSIFICATION NUMBER | |
| Classification number | 336.2 CHO |
| 090 00 - LOCALLY ASSIGNED LC-TYPE CALL NUMBER (OCLC); LOCAL CALL NUMBER (RLIN) | |
| Classification number (OCLC) (R) ; Classification number, CALL (RLIN) (NR) | 336.2 |
| Local cutter number (OCLC) ; Book number/undivided call number, CALL (RLIN) | CHO |
| 100 1# - MAIN ENTRY--PERSONAL NAME | |
| Personal name | Choong, Kwai Fatt, |
| Dates associated with a name | 1965- |
| 9 (RLIN) | 332 |
| 245 10 - TITLE STATEMENT | |
| Title | Istilah percukaian English-bahasa Malaysia, bahasa Malaysia-English : |
| Remainder of title | arrangement by sections / |
| Statement of responsibility, etc. | Choong Kwai Fatt |
| 260 ## - PUBLICATION, DISTRIBUTION, ETC. | |
| Place of publication, distribution, etc. | Petaling Jaya : |
| Name of publisher, distributor, etc. | Sweet & Maxwell Asia, |
| Date of publication, distribution, etc. | 2004 |
| 300 ## - PHYSICAL DESCRIPTION | |
| Extent | vii, 202p. ; |
| Dimensions | 25cm. |
| 546 ## - LANGUAGE NOTE | |
| Language note | Parallel English and bahasa Malaysia text |
| 650 10 - SUBJECT ADDED ENTRY--TOPICAL TERM | |
| Topical term or geographic name entry element | Taxation |
| Form subdivision | Terminology |
| 9 (RLIN) | 333 |
| 942 ## - ADDED ENTRY ELEMENTS (KOHA) | |
| Source of classification or shelving scheme | |
| Koha item type | Book |
| Withdrawn status | Lost status | Source of classification or shelving scheme | Damaged status | Not for loan | Collection code | Home library | Current library | Shelving location | Date acquired | Inventory number | Total Checkouts | Full call number | Barcode | Date last seen | Price effective from | Koha item type |
|---|---|---|---|---|---|---|---|---|---|---|---|---|---|---|---|---|
| NON-FICTION | AKMAL Melaka | AKMAL Melaka | PINJAMAN | 20.04.2017 | 304357 | 336.2 CHO | 201700276 | 20.04.2017 | 20.04.2017 | Book |
